00442pab a2200157 454500008004000000100001700040245008200057260000900139300001100148362001300159650002400172650002600196650002100222700002100243773002000264180718b2006 xxu||||| |||| 00| 0 eng d aPrasad, V.S. aStudent participation as key element of quality assurance in higher education c2006 ap.1-5. a22nd May aEducational quality aStudent participation aHigher education aPatil, Jagannath aUniversity News